000 00563nam a2200205Ia 4500
001 10202
003 IVS
005 20250626030543.0
008 211022s9999 xx 000 0 und d
040 _cIVS
082 _a741.6 SAD
100 _aSadiq Shah
245 4 _aThe Importance of a Jingle as a Cultural Aspect in Pakistani Advertisement
260 _aKarachi
260 _bIndus Valley School
260 _c2011
300 _a42
856 _uhttps://drive.google.com/file/d/195YD90tYwUUn1q3lsb2McHLgxfJX_Y6G/view?usp=sharing
942 _cDISS
_2ddc
_n0
999 _c10566
_d10566